000 nam a22 7a 4500
999 _c127982
_d127982
008 180426b xxu||||| |||| 00| 0 eng d
020 _a222002072X
050 _aBX3756.B82 A3
100 _aBroeckhoven,Van E.
_941641
245 _aJournal spirituel d'un jesuite en usine:
_bdu temps des etudes au temps du travail
_c/by E. Van Broeckhoven
260 _aParis:
_bDesclee de brouwer,
_c1976.
300 _a388p.;
_c20cm.
440 _aCollection Christus
_nno. 43
_941642
600 _aBroeckhoven, Egide Van
_941643
700 _aNeefs, Georges
_etr.
_941644
942 _2lcc
_cMONOGRAPH